Word Ladder: Christmastime Quiz Stats

Quiz Updated Jan 21, 2016

Challenge
Share
Tweet
Embed
Score 0/40 Timer 04:00
2 Plays Today
Hint 4-Letter Word % Correct
Grouping of items that might be checked twice✯LIST✯
95.1%
Hand ready for punchingFIST
90.5%
Place to go for Christmas shoppingMALL
90.5%
Clothing item that might be loosened after Christmas dinnerBELT
89.9%
Music instrument to be found in church towers and trees✯BELL✯
89.6%
Spherical toy, tree ornament, or formal partyBALL
89.4%
Milkshake, or beer ingredientMALT
88.1%
Description of the three Eastern men bearing presentsWISE
87.4%
Cord used for transmitting electricityWIRE
85.9%
Chair, stool, sofa or couchSEAT
84.6%
Pole used for sailingMAST
84.5%
Religious gathering to worship or commemorate✯MASS✯
83.9%
Desire (for presents or otherwise)✯WISH✯
81.7%
Bedroom, to hospitalized peopleWARD
81.6%
To hit, punch or conquerBEAT
81.5%
Without charge, like a presentFREE
80.8%
Brothership on a college campusFRAT
80.6%
Mail item, often celebratory or supportive✯CARD✯
80.2%
To worry about the neck of a guitarFRET
79.2%
Generic animal name, e.g. sun-, moon-, or star-FISH
79.1%
Hint 4-Letter Word % Correct
Shop contentWARE
79%
Christmas revenue for nice kids✯GIFT✯
78.9%
Mama Elliot from The Mamas and the PapasCASS
78.5%
Very in French or three in SpanishTRÈS
78.5%
2006 computer animated movie by PixarCARS
77.8%
Make something increase in elevationLIFT
77.5%
Outdoors flora (except for during Christmas)✯TREE✯
77.2%
Immediately, especially in hospitalsSTAT
76.3%
Extraordinary accomplishmentFEAT
73.8%
Movie actor and brother of Luke WilsonOWEN
72.9%
Plasmic space object or famous actor✯STAR✯
71.6%
Core idea, like 'caring' could be for ChristmasGIST
70.8%
Sign of things to comeOMEN
70.7%
Is in debt, has an unevened scoreOWES
68.7%
Valuable mining goodsORES
68.2%
Discomfort or anxietyFEAR
65.7%
Arabian country and important frankincense exporterOMAN
63.8%
To turn something into coalSEAR
61%
Marvel hero Nate Grey, part of nearly eponymous groupX-MAN
42.2%
Common Bond, informal abbreviation✯X-MAS✯
37.6%

Today's Daily Dose

Word Ladder
TV Networks

Quick Pick
Medical Terms

On This Day
May 21st II

You're not logged in!

Compare scores with friends on all Sporcle quizzes.
Join for Free
OR
Log In

You Might Also Like...

Show Comments

Extras

Top Quizzes Today


Score Distribution

Your Account Isn't Verified!

In order to create a playlist on Sporcle, you need to verify the email address you used during registration. Go to your Sporcle Settings to finish the process.

Report this User

Report this user for behavior that violates our Community Guidelines.

Details: